Представление документа в формате RUSMARC

ПолеНазваниеЗначение
  Тип записи a
  Библиографический уровень c
001 Контрольный номер RU/IS/BASE/272982345
005 Дата корректировки 20251003164101.4
010 Индекс ISBN __
a ISBN 978-5-88664-312-1
d Цена 130-00
100 Данные общей обработки __
a Данные общей обработки 19Значенd2007||||||| 0|||y0189 ca
101 Язык документа 0_
a Язык текста rus
c Язык оригинала rus
102 Страна публикации __
a Страна публикации ru
105 Кодированные данные (монография) __
a Кодированные данные (монография) |||||||||||zy
200 Заглавие и сведения об ответственности 1_
a Заглавие Возвращаются журавли
e Сведения, относящиеся к заглавию [избр. стихи и проза]
f Первые сведения об ответственности Александр Верин ; [предисл., рис. авт.]
b Общее обозначение материала Текст
h Номер части Т. 1
210 Выходные данные __
a Место издания Екатеринбург
c Издательство Сократ
d Дата издания 2007
215 Физическое описание __
a Объем 366, [2] с.
c Иллюстрации/тип воспроизводства ил.
327 Примечание о содержании __
a Примечание о содержании Я Русью жив - что без Руси я!
327 Примечание о содержании __
a Примечание о содержании Я видел в каждой женщине жену...
327 Примечание о содержании __
a Примечание о содержании Серебро покроет патина...
327 Примечание о содержании __
a Примечание о содержании Как бусинка - округлое "люблю"
327 Примечание о содержании __
a Примечание о содержании Пришло письмо от дочери, и, чтоб...
327 Примечание о содержании __
a Примечание о содержании По долгу кавалера и мужчины...
327 Примечание о содержании __
a Примечание о содержании Платьем ситцевым выцвели очи...
327 Примечание о содержании __
a Примечание о содержании Я иду по лесной дорожке...
327 Примечание о содержании __
a Примечание о содержании Какой сегодня месяц молодой!
330 Аннотация __
a Аннотация Входят избранные произведения, написанные автором за 40 лет.
606 Тематические рубрики __
a Основная рубрика Художественная литература
606 Тематические рубрики __
a Основная рубрика Русская литература XX в. (произведения)
606 Тематические рубрики __
a Основная рубрика Современная русская литература (произведения)
y Географическая подрубрика Тюменская область; ХМАО-Югра
610 Ключевые слова __
a Ключевые слова стихи; стихотворения; тема любви; тема любви к Родине; тема природы; тема Севера; тема человека; тема патриотизма; проза; рассказы; сказки; краеведение
686 Индексы других классификаций __
a Классификационный индекс К84(2Рос=Рус)6; стК84(2Рос=Рус)6
700 Автор _1
a Фамилия Верин
b Имя А. А.
g Полное личное имя Александр Анатольевич
4 Код отношения 070
702 Вторичная интеллектуальная ответственность _1
a Фамилия Верин
b Имя А. А.
4 Код отношения художник
g Полное личное имя Александр, Анатольевич
702 Вторичная интеллектуальная ответственность _1
a Фамилия Верина
b Имя Т.
4 Код отношения Автор
g Полное личное имя Татьяна
801 Источник записи _0
a Страна ru
b Организация Муниципальное бюджетное учреждение культуры "Централизованная библиотечная система" г. Сургут (Центральная городская библиотека им. А. С. Пушкина)
c Дата составления 20Значен
g Правила каталогизации КиК/Поспелова
801 Источник записи _1
a Страна ru
b Организация Муниципальное бюджетное учреждение культуры "Централизованная библиотечная система" г. Сургут (Центральная городская библиотека им. А. С. Пушкина)
c Дата составления 20Значен
g Правила каталогизации КиК/Поспелова
852 Данные о местонахождении __
j Шифр хранения К84(2Рос=Рус)6
c Каталожный индекс К84(2Рос=Рус)6
i Авторский знак В 32
901 Тип документа __
t Тип документа x
903 Характеристики (МАРС) __
a Дата передачи 20080826
969 Тип издания __
a Тип издания сборник
990 Данные о заказе (DOS) __
j Количество экземпляров (DOS) 16
t N записи в КСУ для И/У (DOS) 200809